Capital et rente / (Record no. 30367)

MARC details
000 -LEADER
campo de control de longitud fija 00504nam a2200181 i 4500
001 - NÚMERO DE CONTROL
campo de control 30367
003 - IDENTIFICADOR DE NÚMERO DE CONTROL
campo de control ES-MaACL
005 - FECHA Y HORA DE LA ÚLTIMA TRANSACCIÓN
campo de control 20230906154201.0
007 - CAMPO FIJO DE DESCRIPCIÓN FÍSICA--INFORMACIÓN GENERAL
campo de control de longitud fija t|
008 - DATOS DE LONGITUD FIJA--INFORMACIÓN GENERAL
campo de control de longitud fija 030124s1849 fr ||||1| fre d
100 1# - ENTRADA PRINCIPAL--NOMBRE DE PERSONA
Nombre de persona Bastiat, Frédéric (
Fechas asociadas al nombre 1801-1850)
9 (RLIN) 26365
245 10 - MENCIÓN DEL TÍTULO
Título Capital et rente /
Mención de responsabilidad, etc. Frederic Bastiat.
260 ## - PUBLICACIÓN, DISTRIBUCIÓN, ETC.
Lugar de publicación, distribución, etc. [S.l. :
Nombre del editor, distribuidor, etc. s.n.],
Fecha de publicación, distribución, etc. 1849 (
Lugar de fabricación/manufactura Corbeil :
Fabricante Imp. Crété)
300 ## - DESCRIPCIÓN FÍSICA
Extensión 292 p. ;
Dimensiones 14 cm.
650 ## - PUNTO DE ACCESO ADICIONAL DE MATERIA--TÉRMINO DE MATERIA
Término de materia o nombre geográfico como elemento de entrada Capital.
9 (RLIN) 10758
650 #4 - PUNTO DE ACCESO ADICIONAL DE MATERIA--TÉRMINO DE MATERIA
Término de materia o nombre geográfico como elemento de entrada Interés.
9 (RLIN) 144080
852 ## - LOCALIZACIÓN
Ubicación ES-MaACL
Número de control de estantería D-516
Holdings
Estatus retirado Estado de pérdida Estado de daño No para préstamo Colección Biblioteca de origen Biblioteca actual Ubicación en estantería Fecha de adquisición Fuente de adquisición Total de préstamos Signatura topográfica completa Código de barras Visto por última vez Precio de reemplazo Tipo de ítem Koha
        Libros del s. XIX Biblioteca del Ateneo de Madrid Biblioteca del Ateneo de Madrid Sala Valle Inclán 17/01/2008     D-516 901031348 23/02/2023 23/02/2023 Libro impreso antiguo